日立電鉄線の駅 - Statistics

General Stats
  • This quiz has been taken 2 times
  • The average score is 2 of 14
Answer Stats
所在地 駅名 % Correct
日立市 大甕
100%
日立市 鮎川
50%
常陸太田市 常北太田
0%
常陸太田市 小沢
0%
常陸太田市 常陸岡田
0%
常陸太田市 川中子
0%
日立市 大橋
0%
日立市 茂宮
0%
日立市 南高野
0%
日立市 久慈浜
0%
日立市 水木
0%
日立市 大沼
0%
日立市 河原子
0%
日立市 桜川
0%
No matching quizzes found
Score Distribution
Percent of People with Each Score
Percentile by Number Answered
Your Score History
You have not taken this quiz